000 00474nam a22001577a 4500
005 20240214144510.0
008 240213b |||||||| |||| 00| 0 eng d
041 _aAfrikaans / English
082 _a349 TYD
100 _lAfrikaans / English
245 _aTydskrif vir Hedendaagse Romeins-Hollandse Reg
260 _aDurban :
_bButterworth,
_c1992
300 _b700 pages ;
_c25 cm.
650 _aLegal practice
_bLaw
942 _cBK
_6ALISON_BN_VRIES
999 _c1344
_d1344